<?xml version="1.0" encoding="UTF-8"?>
<record
    xmlns:xsi="http://www.w3.org/2001/XMLSchema-instance"
    xsi:schemaLocation="http://www.loc.gov/MARC21/slim http://www.loc.gov/standards/marcxml/schema/MARC21slim.xsd"
    xmlns="http://www.loc.gov/MARC21/slim">

  <leader>01702cam a2200457   4500</leader>
  <controlfield tag="001">14022</controlfield>
  <controlfield tag="003">http://catalogue.bnf.fr/ark:/12148/cb47403062d</controlfield>
  <controlfield tag="005">20260225170230.0</controlfield>
  <datafield tag="010" ind1=" " ind2=" ">
    <subfield code="a">9791095481263</subfield>
    <subfield code="d">10 EUR</subfield>
  </datafield>
  <datafield tag="020" ind1=" " ind2=" ">
    <subfield code="a">FR</subfield>
    <subfield code="b">02409520</subfield>
  </datafield>
  <datafield tag="073" ind1=" " ind2="0">
    <subfield code="a">9780201379624</subfield>
  </datafield>
  <datafield tag="090" ind1=" " ind2=" ">
    <subfield code="a">14022</subfield>
  </datafield>
  <datafield tag="099" ind1=" " ind2=" ">
    <subfield code="o">0</subfield>
  </datafield>
  <datafield tag="100" ind1=" " ind2=" ">
    <subfield code="a">20240124d2023    m  y0frey50      ba</subfield>
  </datafield>
  <datafield tag="101" ind1="0" ind2=" ">
    <subfield code="a">fre</subfield>
  </datafield>
  <datafield tag="102" ind1=" " ind2=" ">
    <subfield code="a">FR</subfield>
  </datafield>
  <datafield tag="105" ind1=" " ind2=" ">
    <subfield code="a">||||z   00|a|</subfield>
  </datafield>
  <datafield tag="181" ind1=" " ind2="0">
    <subfield code="6">01</subfield>
    <subfield code="a">i </subfield>
    <subfield code="b">xxxe  </subfield>
  </datafield>
  <datafield tag="181" ind1=" " ind2=" ">
    <subfield code="6">02</subfield>
    <subfield code="c">txt</subfield>
    <subfield code="2">rdacontent</subfield>
  </datafield>
  <datafield tag="182" ind1=" " ind2="0">
    <subfield code="6">01</subfield>
    <subfield code="a">n</subfield>
  </datafield>
  <datafield tag="182" ind1=" " ind2=" ">
    <subfield code="6">02</subfield>
    <subfield code="c">n</subfield>
    <subfield code="2">rdamedia</subfield>
  </datafield>
  <datafield tag="200" ind1="1" ind2=" ">
    <subfield code="a">L'odeur des tissus</subfield>
    <subfield code="b">LIVR</subfield>
  </datafield>
  <datafield tag="214" ind1=" " ind2="0">
    <subfield code="c">Th&#xE9;&#xE2;tre ouvert &#xE9;ditions</subfield>
    <subfield code="d">DL 2023</subfield>
  </datafield>
  <datafield tag="214" ind1=" " ind2="3">
    <subfield code="c">Impr. M&#xE9;dia graphic</subfield>
  </datafield>
  <datafield tag="214" ind1=" " ind2="0">
    <subfield code="a">Paris</subfield>
  </datafield>
  <datafield tag="214" ind1=" " ind2="3">
    <subfield code="a">35-Rennes</subfield>
  </datafield>
  <datafield tag="215" ind1=" " ind2=" ">
    <subfield code="a">1 vol. (88 p.)</subfield>
  </datafield>
  <datafield tag="215" ind1=" " ind2=" ">
    <subfield code="d">20 cm</subfield>
  </datafield>
  <datafield tag="225" ind1=" " ind2=" ">
    <subfield code="a">Tapuscrit</subfield>
    <subfield code="v">159</subfield>
  </datafield>
  <datafield tag="300" ind1=" " ind2=" ">
    <subfield code="a">Bibliogr., 1 p.</subfield>
  </datafield>
  <datafield tag="305" ind1=" " ind2=" ">
    <subfield code="a">Cr&#xE9;ation : Paris (fr) : Th&#xE9;&#xE2;tre Ouvert, 202210  </subfield>
  </datafield>
  <datafield tag="323" ind1=" " ind2=" ">
    <subfield code="a">11 personnages</subfield>
  </datafield>
  <datafield tag="330" ind1=" " ind2=" ">
    <subfield code="a">Tout se passe dans une r&#xE9;sidence destin&#xE9;e &#xE0; des femmes. Sept pensionnaires y cultivent gaiment leur facult&#xE9; d&#x2019;&#xE9;merveillement avec l&#x2019;aide de Claudia, la d&#xE9;vou&#xE9;e directrice. Au travers d&#x2019;activit&#xE9;s manuelles, artistiques, ou encore par la pratique de la discussion, elles s&#x2019;essayent, tant bien que mal, &#xE0; l&#x2019;art de la joie. </subfield>
  </datafield>
  <datafield tag="410" ind1=" " ind2="0">
    <subfield code="0">34226913</subfield>
  </datafield>
  <datafield tag="410" ind1=" " ind2="0">
    <subfield code="t">Tapuscrit (Paris. 1978)</subfield>
    <subfield code="x">0183-8229</subfield>
    <subfield code="v">159</subfield>
  </datafield>
  <datafield tag="610" ind1=" " ind2=" ">
    <subfield code="a">Collectif</subfield>
    <subfield code="a">Sororit&#xE9;</subfield>
  </datafield>
  <datafield tag="620" ind1="2" ind2=" ">
    <subfield code="d">Paris</subfield>
    <subfield code="a">fr</subfield>
    <subfield code="e">Th&#xE9;&#xE2;tre Ouvert</subfield>
    <subfield code="f">202210  </subfield>
  </datafield>
  <datafield tag="686" ind1=" " ind2=" ">
    <subfield code="a">802</subfield>
    <subfield code="2">Cadre de classement de la Bibliographie nationale fran&#xE7;aise</subfield>
  </datafield>
  <datafield tag="700" ind1=" " ind2=" ">
    <subfield code="a">Tamisier</subfield>
    <subfield code="b">Lydie</subfield>
    <subfield code="f">1991-....</subfield>
  </datafield>
  <datafield tag="700" ind1=" " ind2=" ">
    <subfield code="3">18130476</subfield>
    <subfield code="o">ISNI0000000514185023</subfield>
    <subfield code="4">070</subfield>
  </datafield>
  <datafield tag="801" ind1=" " ind2="0">
    <subfield code="a">FR</subfield>
    <subfield code="b">FR-751131015</subfield>
    <subfield code="c">20240124</subfield>
    <subfield code="g">AFNOR</subfield>
    <subfield code="h">FRBNF474030620000004</subfield>
  </datafield>
  <datafield tag="995" ind1=" " ind2=" ">
    <subfield code="2">0</subfield>
    <subfield code="5">2026-02-25</subfield>
    <subfield code="9">13915</subfield>
    <subfield code="c">JOL</subfield>
    <subfield code="f">JOL-007723</subfield>
    <subfield code="k">TH TAM 11</subfield>
    <subfield code="o">0</subfield>
    <subfield code="b">JOL</subfield>
    <subfield code="r">LIVR</subfield>
  </datafield>
</record>
